000 01535cam a2200349 a 4500
999 _c19875
_d19875
001 14966373
005 20170117163225.0
008 070814s2008 ncua b 001 0 eng
010 _a 2007033640
015 _aGBA815667
_2bnb
016 7 _a014513994
_2Uk
020 _a9780822341383 (cloth : alk. paper)
020 _a0822341387 (cloth : alk. paper)
020 _a9780822342922 (pbk. : alk. paper)
020 _a0822342928 (pbk. : alk. paper)
035 _a(OCoLC)ocn166255104
035 _a(OCoLC)166255104
050 0 0 _aN6537 . M654A35 2008
100 1 _aMorris, Robert,
_d1931-
245 1 0 _aHave I reasons :
_bwork and writings, 1993-2007 /
_cRobert Morris ; edited and with an introduction by Nena Tsouti-Schillinger.
260 _aDurham :
_bDuke University Press,
_c2008.
300 _axiii, 273 p. :
_bill. ;
_c24 cm.
504 _aIncludes bibliographical references (p. [267]-269) and index.
600 1 0 _aMorris, Robert,
_d1931-
700 1 _aTsouti-Schillinger, Nena.
856 4 1 _3Table of contents only
_uhttp://www.loc.gov/catdir/toc/ecip0725/2007033640.html
942 _2lcc
_cBOOKS